[Event "Perth AUS Open"]
[Site "?"]
[Date "2023.01.03"]
[Round "3.50"]
[White "Manganas, Alexander"]
[Black "Deng, Eric"]
[Result "1-0"]
[WhiteElo "1155"]
[BlackElo "1544"]
[PlyCount "179"]
[EventDate "2023.01.??"]
[EventRounds "11"]
[EventCountry "AUS"]
[SourceVersionDate "2023.01.02"]

1. e4 e6 2. d4 d5 3. Nd2 Nf6 4. e5 Nfd7 5. Bd3 c5 6. c3 Nc6 7. Ngf3 Be7 8. O-O f6 9. Nh4 O-O 10. Qh5 f5 11. Ndf3 cxd4 12. cxd4 Qe8 13. Qxe8 Rxe8 14. g3 a5 15. Ng2 b6 16. Bb5 Bb7 17. Nf4 Bd8 18. Be3 Rc8 19. a3 Ndb8 20. Ne2 Ba6 21. Nc3 Be7 22. Rac1 Bxb5 23. Nxb5 Red8 24. Rfd1 Bf8 25. Ng5 Re8 26. h4 h6 27. Nf3 a4 28. Rc3 Na5 29. Nc7 Re7 30. Nxd5 Ree8 31. Nc7 Re7 32. Nd5 Ree8 33. Nxb6 Rxc3 34. bxc3 Bxa3 35. Nxa4 Nc4 36. Bc1 Rc8 37. Bxa3 Nxa3 38. Nc5 Kf7 39. Ra1 Nb5 40. Ra8 Nc7 41. Ra7 Nc6 42. Ra3 Rb8 43. Rb3 Rb5 44. Nd2 Ke7 45. Kf1 Rxb3 46. Ncxb3 Nb5 47. Nb1 Kf7 48. Ke2 Kg6 49. Nc5 Kf7 50. Kd3 Ke7 51. Kc4 Nc7 52. Na3 Nd5 53. Nc2 Nc7 54. Nb7 Kd7 55. Kc5 Nb8 56. Nb4 Nba6+ 57. Nxa6 Nxa6+ 58. Kb6 Nb8 59. Nc5+ Ke7 60. Kc7 g5 61. hxg5 hxg5 62. Kxb8 Kf7 63. f4 gxf4 64. gxf4 Ke7 65. Kc7 Kf7 66. Kd7 Kg6 67. Kxe6 Kh5 68. Kxf5 Kh6 69. e6 Kg7 70. d5 Kf8 71. d6 Ke8 72. e7 Kf7 73. Nd7 Ke8 74. Ke5 Kxd7 75. Kf6 Ke8 76. d7+ Kxd7 77. Kf7 Kd6 78. e8=Q Kd5 79. c4+ Kd4 80. c5 Kxc5 81. Kg8 Kd6 82. f5 Kd5 83. f6 Kd6 84. f7 Kd5 85. f8=R Kd6 86. Rf7 Kd5 87. Rd7+ Kc6 88. Qc8+ Kb6 89. Rb7+ Ka6 90. Qa8# 1-0

[Event "Perth AUS Open"]
[Site "?"]
[Date "2023.01.03"]
[Round "3.54"]
[White "Pavelic, Toni Martin"]
[Black "Lawes, Alexander"]
[Result "0-1"]
[WhiteElo "1348"]
[BlackElo "1407"]
[PlyCount "60"]
[EventDate "2023.01.??"]
[EventRounds "11"]
[EventCountry "AUS"]
[SourceVersionDate "2023.01.02"]

1. e4 c6 2. d4 d5 3. exd5 cxd5 4. c4 Nc6 5. Nf3 Nf6 6. Nc3 Bg4 7. Be3 e6 8. cxd5 Nxd5 9. Nxd5 Qxd5 10. a3 Be7 11. Be2 Bf6 12. O-O O-O 13. h3 Bxf3 14. Bxf3 Qd7 15. d5 Ne5 16. dxe6 Nxf3+ 17. Qxf3 fxe6 18. Rfd1 Qe7 19. Rd2 Bxb2 20. Qxf8+ Rxf8 21. Rxb2 b6 22. Bd2 Qf6 23. Rab1 Qxf2+ 24. Kh1 Qg3 25. Rb3 Qg6 26. Re1 Rf2 27. g4 Rxd2 28. Rbe3 Qc2 29. Rg3 Rh2+ 30. Kg1 Qf2# 0-1

[Event "Perth AUS Open"]
[Site "?"]
[Date "2023.01.04"]
[Round "4.1"]
[White "Liu, Yi"]
[Black "Tin Jingyao"]
[Result "0-1"]
[WhiteElo "2303"]
[BlackElo "2598"]
[PlyCount "74"]
[EventDate "2023.01.??"]
[EventRounds "11"]
[EventCountry "AUS"]
[SourceVersionDate "2023.01.02"]

1. Nf3 d5 2. d4 Nf6 3. c3 e6 4. Bf4 Bd6 5. e3 O-O 6. Nbd2 c5 7. Bg3 Qc7 8. dxc5 Qxc5 9. Bd3 Nbd7 10. Qe2 e5 11. e4 dxe4 12. Bxe4 Re8 13. O-O-O Bf8 14. Ng5 h6 15. h4 Nxe4 16. Ngxe4 Qc6 17. Nc4 Re6 18. f3 b5 19. Ne3 Nb6 20. Kb1 a5 21. h5 Re8 22. Bh4 f5 23. Nd2 f4 24. Nc2 Bf5 25. Ne4 b4 26. Be1 bxc3 27. Bxc3 Na4 28. Ka1 Rab8 29. Ne1 Nxc3 30. Nxc3 Ba3 31. Nd3 Bxd3 32. Rxd3 Bxb2+ 33. Qxb2 Rxb2 34. Kxb2 Rb8+ 35. Kc2 a4 36. Rb1 Rxb1 37. Kxb1 Qb6+ 0-1

[Event "Perth AUS Open"]
[Site "?"]
[Date "2023.01.04"]
[Round "4.2"]
[White "Kuybokarov, Temur"]
[Black "Stojic, Dusan"]
[Result "1-0"]
[WhiteElo "2558"]
[BlackElo "2219"]
[PlyCount "77"]
[EventDate "2023.01.??"]
[EventRounds "11"]
[EventCountry "AUS"]
[SourceVersionDate "2023.01.02"]

1. e4 c5 2. Nf3 d6 3. d4 cxd4 4. Nxd4 Nf6 5. Nc3 a6 6. Bg5 Nbd7 7. Bc4 e6 8. Qe2 h6 9. Bxf6 Qxf6 10. O-O-O b5 11. Bb3 Bb7 12. a3 Rc8 13. Qe3 g5 14. g3 h5 15. f4 gxf4 16. gxf4 Bh6 17. Rhf1 Rg8 18. Kb1 Ke7 19. Nde2 Nc5 20. Rxd6 Kf8 21. Bd5 Qe7 22. Bxb7 Qxb7 23. Qd4 Qc7 24. Rd1 Bg7 25. e5 Bh6 26. f5 Rg4 27. Qf2 Ne4 28. Nxe4 Qxc2+ 29. Ka1 Rxe4 30. fxe6 Bf4 31. Rd8+ Rxd8 32. Rxd8+ Kg7 33. Qg1+ Kh7 34. Qg8+ Kh6 35. Qh8+ Kg5 36. Rg8+ Kh4 37. Qf6+ Kh3 38. Ng1+ Kxh2 39. Qh4# 1-0

[Event "Perth AUS Open"]
[Site "?"]
[Date "2023.01.04"]
[Round "4.3"]
[White "Fu Yihe, Rebo"]
[Black "Morris, James"]
[Result "1/2-1/2"]
[WhiteElo "2149"]
[BlackElo "2456"]
[PlyCount "72"]
[EventDate "2023.01.??"]
[EventRounds "11"]
[EventCountry "AUS"]
[SourceVersionDate "2023.01.02"]

1. e4 c5 2. Nf3 d6 3. d4 cxd4 4. Nxd4 Nf6 5. Nc3 a6 6. Bg5 Nbd7 7. f4 h6 8. Bh4 e6 9. Qf3 Qc7 10. O-O-O b5 11. Bd3 Bb7 12. Rhe1 Be7 13. Bxf6 Nxf6 14. a3 O-O-O 15. Kb1 Kb8 16. Qg3 g6 17. Nb3 d5 18. exd5 Nxd5 19. Nxd5 Rxd5 20. Rc1 Rhd8 21. Be4 R5d7 22. Bxb7 Qxb7 23. Qf2 Rd5 24. Qe2 Qc6 25. Qe4 Qc4 26. Qf3 Bf6 27. Re4 Qc6 28. Qe2 Qb6 29. Qe1 Ka7 30. Ka2 Rc8 31. c4 Rd3 32. cxb5 Rxb3 33. Kxb3 Qxb5+ 34. Rb4 Qd5+ 35. Ka4 Qd7+ 36. Kb3 Qd5+ 1/2-1/2

[Event "Perth AUS Open"]
[Site "?"]
[Date "2023.01.04"]
[Round "4.4"]
[White "Johansen, Darryl K"]
[Black "Nguyen Hong Anh"]
[Result "1/2-1/2"]
[WhiteElo "2360"]
[BlackElo "1954"]
[PlyCount "67"]
[EventDate "2023.01.??"]
[EventRounds "11"]
[EventCountry "AUS"]
[SourceVersionDate "2023.01.02"]

1. c4 e5 2. Nc3 Nf6 3. Nf3 Nc6 4. g3 d5 5. cxd5 Nxd5 6. Bg2 Nxc3 7. bxc3 Bc5 8. Qc2 Qe7 9. d3 Bf5 10. O-O O-O 11. Nd2 h6 12. a4 Rab8 13. Ne4 Bxe4 14. Bxe4 Nd8 15. Bg2 a5 16. Rb1 b6 17. e3 Ne6 18. d4 Bd6 19. Bb2 Rfc8 20. f4 exf4 21. exf4 Nf8 22. Bc6 Qf6 23. Qg2 Ng6 24. c4 Ne7 25. d5 Bc5+ 26. Kh1 Bd4 27. Bb5 Bxb2 28. Qxb2 Qxb2 29. Rxb2 c6 30. dxc6 Nxc6 31. Rd1 Rd8 32. Rxd8+ Nxd8 33. Rd2 Nb7 34. Kg2 1/2-1/2

[Event "Perth AUS Open"]
[Site "?"]
[Date "2023.01.04"]
[Round "4.5"]
[White "Rozuwiecka, Anna"]
[Black "Vo, Thi Kim Phung"]
[Result "0-1"]
[WhiteElo "1798"]
[BlackElo "2343"]
[PlyCount "152"]
[EventDate "2023.01.??"]
[EventRounds "11"]
[EventCountry "AUS"]
[SourceVersionDate "2023.01.02"]

1. e4 e6 2. d4 d5 3. Nd2 c5 4. exd5 Qxd5 5. Ngf3 cxd4 6. Bc4 Qd6 7. O-O Nf6 8. Nb3 Nc6 9. Nbxd4 Nxd4 10. Qxd4 Qxd4 11. Nxd4 a6 12. Bg5 b5 13. Bb3 Ne4 14. Bf4 Bb7 15. c3 Bc5 16. Rfe1 O-O 17. Rad1 Rfe8 18. Be3 Rac8 19. f3 Nf6 20. Nc2 Bf8 21. Bb6 Nd5 22. Ba5 Bc5+ 23. Kf1 h5 24. a3 h4 25. h3 Nf6 26. Re5 Ba7 27. Nb4 Bb8 28. Re3 Bc7 29. Bxc7 Rxc7 30. Rd4 e5 31. Rd6 a5 32. Nd5 Bxd5 33. Bxd5 Rc5 34. Ba2 b4 35. axb4 axb4 36. c4 e4 37. Rd4 Ra8 38. Bb3 Ra1+ 39. Kf2 Rb1 40. Re2 e3+ 41. Rxe3 Rxb2+ 42. Kf1 g5 43. f4 Nh5 44. fxg5 Ng3+ 45. Ke1 Rf5 46. Rf3 Rxf3 47. gxf3 Rxb3 48. c5 Rxf3 49. Rxb4 Nf5 50. Rc4 Rxh3 51. c6 Re3+ 52. Kf2 Re8 53. Rf4 Nd6 54. Rd4 Ne4+ 55. Kg2 Nxg5 56. Rg4 f6 57. Rxh4 Re2+ 58. Kg3 Rc2 59. Ra4 Rxc6 60. Ra7 Rc4 61. Rb7 Nf7 62. Kf3 Kg7 63. Kg3 Kg6 64. Rb8 Ne5 65. Rb3 Kg5 66. Re3 Rd4 67. Kg2 Kf4 68. Re2 Kg4 69. Re3 Rd2+ 70. Kh1 Nd3 71. Kg1 f5 72. Kh1 f4 73. Re8 Nf2+ 74. Kg1 Kf3 75. Re1 Rd1 76. Kh2 Ng4+ 0-1

[Event "Perth AUS Open"]
[Site "?"]
[Date "2023.01.04"]
[Round "4.6"]
[White "Wallis, Christopher"]
[Black "Tan Zhong Kai"]
[Result "1/2-1/2"]
[WhiteElo "2313"]
[BlackElo "1923"]
[PlyCount "48"]
[EventDate "2023.01.??"]
[EventRounds "11"]
[EventCountry "AUS"]
[SourceVersionDate "2023.01.02"]

1. d4 Nf6 2. c4 g6 3. g3 c5 4. dxc5 Bg7 5. Bg2 Qa5+ 6. Nc3 Qxc5 7. Qa4 Ng4 8. Nd1 Nc6 9. Bd2 Bxb2 10. Rb1 Bg7 11. Nf3 a6 12. O-O O-O 13. Ne3 Nxe3 14. Bxe3 Qa5 15. Qxa5 Nxa5 16. c5 d6 17. cxd6 exd6 18. Bf4 Rd8 19. Rbd1 Nc4 20. Nd2 Nb2 21. Rc1 Bg4 22. Bxb7 Bxe2 23. Bxa8 Bxf1 24. Rxf1 Rxa8 1/2-1/2

[Event "Perth AUS Open"]
[Site "?"]
[Date "2023.01.04"]
[Round "4.7"]
[White "Kargosha, Bahman"]
[Black "Bassig, Hamish"]
[Result "1/2-1/2"]
[WhiteElo "2096"]
[BlackElo "1973"]
[PlyCount "46"]
[EventDate "2023.01.??"]
[EventRounds "11"]
[EventCountry "AUS"]
[SourceVersionDate "2023.01.02"]

1. d4 d5 2. c4 e6 3. Nc3 a6 4. cxd5 exd5 5. Qb3 c5 6. Qxd5 cxd4 7. Qxd8+ Kxd8 8. Ne4 Nc6 9. Nf3 Bf5 10. Ng3 Bg6 11. a3 Bc5 12. Nh4 Nf6 13. Nxg6 hxg6 14. Bg5 Re8 15. O-O-O Kc7 16. f3 Bd6 17. e4 dxe3 18. Bc4 Nh7 19. Bh4 Ne5 20. Bb3 e2 21. Nxe2 Nxf3 22. gxf3 Rxe2 23. Bxf7 Rc8 1/2-1/2

[Event "Perth AUS Open"]
[Site "?"]
[Date "2023.01.04"]
[Round "4.8"]
[White "Weller, Tony"]
[Black "Vlietstra, Marc"]
[Result "1-0"]
[WhiteElo "1639"]
[BlackElo "2007"]
[PlyCount "73"]
[EventDate "2023.01.??"]
[EventRounds "11"]
[EventCountry "AUS"]
[SourceVersionDate "2023.01.02"]

1. c4 e6 2. Nf3 Nf6 3. Nc3 d5 4. cxd5 Nxd5 5. g3 Be7 6. Bg2 O-O 7. O-O b6 8. Nxd5 exd5 9. d4 Bf5 10. Bf4 g5 11. Be3 Be4 12. Rc1 f5 13. Ne5 Bxg2 14. Kxg2 f4 15. Bd2 Bd6 16. Nc6 Nxc6 17. Rxc6 Qe8 18. Qc2 fxg3 19. hxg3 Qxe2 20. Bxg5 Qf3+ 21. Kg1 Bxg3 22. Rc3 Bxf2+ 23. Rxf2 Qxf2+ 24. Qxf2 Rxf2 25. Kxf2 Rf8+ 26. Rf3 Rxf3+ 27. Kxf3 Kf7 28. Bf4 c5 29. Bb8 a6 30. Ba7 cxd4 31. Bxb6 Ke6 32. Bxd4 Kd6 33. a4 Ke6 34. b4 Kd6 35. Kf4 Ke6 36. Kg5 a5 37. b5 1-0

[Event "Perth AUS Open"]
[Site "?"]
[Date "2023.01.04"]
[Round "4.9"]
[White "Gong, Patrick"]
[Black "Chinbat, Chinguun"]
[Result "0-1"]
[WhiteElo "2292"]
[BlackElo "1787"]
[PlyCount "152"]
[EventDate "2023.01.??"]
[EventRounds "11"]
[EventCountry "AUS"]
[SourceVersionDate "2023.01.02"]

1. Nf3 d5 2. c4 c6 3. b3 Nf6 4. Bb2 Nbd7 5. d4 e6 6. Nc3 b6 7. g3 Bb7 8. Bg2 Bd6 9. O-O O-O 10. Rc1 Rc8 11. Qc2 c5 12. cxd5 exd5 13. Rfd1 Re8 14. Qf5 g6 15. Qh3 Bf8 16. dxc5 Nxc5 17. e3 a6 18. Nd4 Nce4 19. Nxe4 Nxe4 20. Qg4 Qe7 21. Qe2 Rxc1 22. Rxc1 Rc8 23. Rxc8 Bxc8 24. Qd3 Bb7 25. Ne2 Bg7 26. Bxg7 Kxg7 27. Qd4+ Qf6 28. Bxe4 dxe4 29. g4 Qxd4 30. exd4 f5 31. g5 Bd5 32. Kg2 Kf8 33. Nc3 Bc6 34. Kg3 Ke7 35. Kf4 Kd6 36. h4 b5 37. Ke3 Bd7 38. Ne2 Be6 39. Nf4 Bf7 40. Kd2 a5 41. Kc2 Be8 42. Kc3 Bf7 43. a3 Kc6 44. Ng2 Bd5 45. Ne3 Kd6 46. Ng2 Bf7 47. b4 a4 48. Nf4 Kc6 49. Kd2 Kd6 50. Ke2 Bc4+ 51. Ke1 Bf7 52. Kf1 Kc6 53. Kg2 Kd6 54. Kh3 Kc6 55. Kg3 Kd6 56. Kg2 Kc6 57. f3 exf3+ 58. Kxf3 Bd5+ 59. Ke3 Bf7 60. Kd3 Bc4+ 61. Kc3 Bf7 62. Nh3 Kd5 63. Kd3 Kd6 64. Nf2 Bc4+ 65. Ke3 Bf1 66. Nd1 Kd5 67. Kf2 Bc4 68. Ke3 f4+ 69. Kxf4 Kxd4 70. Ne3 Bd3 71. Ng4 Kc3 72. Ke3 Bf5 73. Nf6 Kb3 74. Kd4 Kxa3 75. Kc3 Ka2 76. Nd5 Kb1 0-1

[Event "Perth AUS Open"]
[Site "?"]
[Date "2023.01.05"]
[Round "4.10"]
[White "Jordan, William"]
[Black "Holliday, Bruce M"]
[Result "1-0"]
[WhiteElo "2181"]
[BlackElo "1760"]
[PlyCount "47"]
[EventDate "2023.01.??"]
[EventRounds "11"]
[EventCountry "AUS"]
[SourceVersionDate "2023.01.02"]

1. e4 c5 2. Nf3 Nc6 3. Bb5 g6 4. O-O Bg7 5. c3 Nf6 6. Re1 O-O 7. h3 d5 8. e5 Ne8 9. d4 Qb6 10. Bf1 cxd4 11. cxd4 Be6 12. Nc3 Qd8 13. Bf4 Nc7 14. Qd2 Qd7 15. Na4 b6 16. Nc3 Rfc8 17. Bh6 Na5 18. Rad1 Rd8 19. Qf4 Rab8 20. Qh4 f6 21. Bd3 Bf5 22. Bxf5 Qxf5 23. Bxg7 Kxg7 24. exf6+ 1-0

[Event "Perth AUS Open"]
[Site "?"]
[Date "2023.01.04"]
[Round "4.11"]
[White "Gao, Arthur"]
[Black "Qi, Mars"]
[Result "1/2-1/2"]
[WhiteElo "1754"]
[BlackElo "2087"]
[PlyCount "88"]
[EventDate "2023.01.??"]
[EventRounds "11"]
[EventCountry "AUS"]
[SourceVersionDate "2023.01.02"]

1. e4 Nf6 2. e5 Nd5 3. d4 d6 4. Nf3 g6 5. Bc4 Nb6 6. Bb3 Bg7 7. Ng5 e6 8. Qf3 O-O 9. Qh3 h6 10. Nf3 dxe5 11. dxe5 c5 12. c3 h5 13. O-O c4 14. Bc2 Nc6 15. Bf4 Nd5 16. Bg3 b5 17. Nbd2 b4 18. Ba4 Na5 19. Ne4 bxc3 20. bxc3 Bd7 21. Bd1 Nc6 22. Be2 Rc8 23. Bxc4 Nd4 24. cxd4 Rxc4 25. Bh4 Nf4 26. Bxd8 Nxh3+ 27. gxh3 Rxd8 28. Rfc1 Rdc8 29. Nc5 Bb5 30. a4 Rxc1+ 31. Rxc1 Bxa4 32. Ra1 Bc6 33. Nd2 Rc7 34. Kf1 Bxe5 35. Nxe6 Bb5+ 36. Kg2 fxe6 37. dxe5 a6 38. Kg3 Kg7 39. Ne4 Rc4 40. Ng5 h4+ 41. Kf3 Kh6 42. Nf7+ Kg7 43. Ng5 Kh6 44. Nf7+ Kg7 1/2-1/2

[Event "Perth AUS Open"]
[Site "?"]
[Date "2023.01.04"]
[Round "4.12"]
[White "Lakner, Jay"]
[Black "Teh Hui Lam"]
[Result "0-1"]
[WhiteElo "2060"]
[BlackElo "1706"]
[PlyCount "90"]
[EventDate "2023.01.??"]
[EventRounds "11"]
[EventCountry "AUS"]
[SourceVersionDate "2023.01.02"]

1. c4 c5 2. Nc3 g6 3. g3 Bg7 4. Bg2 d6 5. e4 Nc6 6. Nge2 Nf6 7. O-O Nd7 8. d3 Nf8 9. Be3 Ne6 10. Qd2 O-O 11. Bh6 Ned4 12. h4 Bh3 13. f3 Qd7 14. h5 Nxe2+ 15. Nxe2 Ne5 16. Bxg7 Kxg7 17. d4 cxd4 18. Qxd4 f6 19. Nf4 Bxg2 20. Kxg2 g5 21. h6+ Kxh6 22. Rh1+ Kg7 23. Nh5+ Kh8 24. b3 b5 25. f4 gxf4 26. Nxf4 Qg4 27. Qe3 bxc4 28. Rh4 Qg5 29. Qc3 Rf7 30. Ne6 Qg6 31. Rah1 cxb3 32. axb3 Rg8 33. Qe3 f5 34. Rh6 Qg4 35. R1h4 Qd1 36. Rf4 Qc2+ 37. Rf2 Qxe4+ 38. Qxe4 fxe4 39. Ra2 Rf3 40. Rh3 Rxb3 41. Rxa7 Rb2+ 42. Kf1 Rc8 43. Nc7 Rf8+ 44. Kg1 Nf3+ 45. Kh1 Ng5 0-1

[Event "Perth AUS Open"]
[Site "?"]
[Date "2023.01.04"]
[Round "4.13"]
[White "Ho, Lachlan"]
[Black "Teh Rui Gen"]
[Result "1/2-1/2"]
[WhiteElo "1703"]
[BlackElo "2028"]
[PlyCount "231"]
[EventDate "2023.01.??"]
[EventRounds "11"]
[EventCountry "AUS"]
[SourceVersionDate "2023.01.02"]

1. e4 c5 2. c3 g6 3. d4 cxd4 4. cxd4 d5 5. exd5 Nf6 6. Nc3 Nxd5 7. Qb3 Nb6 8. Nf3 Bg7 9. Be3 O-O 10. Be2 Nc6 11. O-O Be6 12. Qd1 Bd5 13. Nxd5 Nxd5 14. Qb3 Nb6 15. Rfd1 Qd5 16. Qxd5 Nxd5 17. Rac1 a6 18. Rc5 Rfd8 19. Bc4 Nb6 20. Bb3 Rd7 21. d5 Rad8 22. Rxc6 bxc6 23. Bxb6 Rb8 24. Be3 cxd5 25. Rxd5 Rxd5 26. Bxd5 Rxb2 27. g3 a5 28. Bb3 Bc3 29. Kg2 Kg7 30. Ng5 e6 31. Ne4 Be5 32. Nc5 Rb1 33. Na4 Bc7 34. Nc3 Ra1 35. Na4 Kg8 36. Kf3 Kf8 37. Nc5 Ke7 38. Ne4 a4 39. Bc5+ Kd8 40. Bxa4 Rxa2 41. Bd1 Ra5 42. Be3 Ke7 43. Bg5+ Kf8 44. Be3 Kg7 45. h4 h5 46. Kg2 Be5 47. Ng5 Rd5 48. Bf3 Rd8 49. Ne4 Bd4 50. Bg5 Rc8 51. Be3 Bxe3 52. fxe3 Rc2+ 53. Nf2 Rc3 54. e4 e5 55. g4 hxg4 56. Nxg4 f6 57. Kg3 f5 58. Nf2 Kf6 59. Kg2 Ra3 60. h5 gxh5 61. Bxh5 fxe4 62. Nxe4+ Kf5 63. Ng3+ Kf4 64. Nf1 Ra2+ 65. Kh3 e4 66. Bf7 Ra7 67. Bc4 Rg7 68. Ba6 e3 69. Nxe3 Kxe3 70. Kh4 Kf4 71. Kh5 Rg3 72. Kh6 Rg5 73. Bd3 Rg3 74. Bc2 Ke5 75. Kh7 Kf6 76. Kh8 Kf7 77. Bh7 Rg1 78. Be4 Re1 79. Bd5+ Kg6 80. Bc4 Rc1 81. Bd3+ Kf7 82. Be4 Rd1 83. Bc2 Rd2 84. Be4 Rh2+ 85. Bh7 Kf6 86. Kg8 Rb2 87. Kh8 Kf7 88. Bg8+ Kf8 89. Bh7 Rb8 90. Bg8 Ra8 91. Bd5 Ra5 92. Be4 Ke7 93. Kg7 Ra4 94. Bd3 Ra3 95. Bc2 Rc3 96. Bb1 Rc1 97. Bd3 Rg1+ 98. Kh8 Rh1+ 99. Kg7 Rh2 100. Bh7 Rg2+ 101. Kh8 Kf8 102. Be4 Rd2 103. Bb1 Kf7 104. Be4 Rd8+ 105. Kh7 Rd4 106. Bg6+ Kf6 107. Bc2 Kf7 108. Kh8 Rb4 109. Bd3 Rb2 110. Bc4+ Kf8 111. Bd3 Rh2+ 112. Bh7 Rg2 113. Bd3 Rg8+ 114. Kh7 Rg3 115. Bc2 Kf7 116. Kh8 1/2-1/2

[Event "Perth AUS Open"]
[Site "?"]
[Date "2023.01.04"]
[Round "4.14"]
[White "Hare, Tim"]
[Black "Gao, Oscar"]
[Result "1-0"]
[WhiteElo "2017"]
[BlackElo "1727"]
[PlyCount "85"]
[EventDate "2023.01.??"]
[EventRounds "11"]
[EventCountry "AUS"]
[SourceVersionDate "2023.01.02"]

1. Nf3 d5 2. g3 Nf6 3. Bg2 c5 4. d3 Nc6 5. c3 e6 6. O-O Be7 7. Nbd2 O-O 8. a3 Qc7 9. b4 b6 10. b5 Na5 11. c4 Bb7 12. Qc2 Nd7 13. Re1 d4 14. e3 Bf6 15. e4 e5 16. Nf1 g6 17. Bd2 a6 18. Bxa5 bxa5 19. a4 axb5 20. cxb5 c4 21. dxc4 Nc5 22. N1d2 Rfd8 23. Bf1 Rac8 24. Bd3 Bg7 25. Nb3 Nxd3 26. Qxd3 f5 27. Nfd2 Bf8 28. c5 Bxc5 29. Rac1 Qb6 30. Qc4+ Bd5 31. exd5 Ba3 32. Qxc8 Rxc8 33. Rxc8+ Kf7 34. Rc6 Qb8 35. Nc4 Bb4 36. Rxe5 d3 37. d6 Qd8 38. Rd5 f4 39. d7 fxg3 40. hxg3 d2 41. Nbxd2 Bxd2 42. Rxd2 Qe7 43. d8=Q 1-0

[Event "Perth AUS Open"]
[Site "?"]
[Date "2023.01.04"]
[Round "4.15"]
[White "Li, Tedric"]
[Black "Salasan, Haran"]
[Result "1/2-1/2"]
[WhiteElo "1688"]
[BlackElo "2002"]
[PlyCount "141"]
[EventDate "2023.01.??"]
[EventRounds "11"]
[EventCountry "AUS"]
[SourceVersionDate "2023.01.02"]

1. d4 d5 2. c4 c6 3. Nf3 Nf6 4. Nc3 e6 5. e3 Nbd7 6. Bd3 dxc4 7. Bxc4 b5 8. Bd3 Bd6 9. e4 e5 10. O-O Bb7 11. d5 cxd5 12. Nxb5 Bb8 13. exd5 Bxd5 14. Nc3 Bb7 15. Ng5 O-O 16. Nge4 Qe7 17. Bg5 Qe6 18. Bxf6 Nxf6 19. Nc5 Qe7 20. Nxb7 Qxb7 21. Qe2 Bc7 22. Ne4 Nd5 23. Nc5 Qc6 24. Qe4 g6 25. Rac1 Rad8 26. Na6 Qd6 27. Nxc7 Nxc7 28. Rfd1 Ne6 29. Be2 Nd4 30. Bf1 Rfe8 31. a3 a5 32. Qe3 Qb6 33. Qc3 Rb8 34. Rb1 Rec8 35. Qe3 Qe6 36. b4 Nc2 37. Qb3 Qxb3 38. Rxb3 axb4 39. axb4 Rxb4 40. Rxb4 Nxb4 41. g3 Kg7 42. Rd7 Nc2 43. Bg2 Rf8 44. Bd5 Nd4 45. h4 Nf5 46. Kg2 Kf6 47. Kf3 Nd4+ 48. Ke4 Nb5 49. Bc4 Nc3+ 50. Kd3 Na4 51. Ke3 Nc5 52. Rc7 Ne6 53. Rc6 Re8 54. Ke4 h5 55. Bd5 Re7 56. Bc4 Ra7 57. Bxe6 fxe6 58. Rb6 Ra4+ 59. Ke3 Kf5 60. Rc6 Ra3+ 61. Ke2 e4 62. Rc5+ e5 63. Rc6 Rf3 64. Ra6 Rd3 65. Rb6 Rd5 66. Ke3 Ra5 67. Rc6 Ra3+ 68. Ke2 Ra2+ 69. Ke3 Ra3+ 70. Ke2 Ra2+ 71. Ke3 1/2-1/2

[Event "Perth AUS Open"]
[Site "?"]
[Date "2023.01.04"]
[Round "4.16"]
[White "Kinsman, Craig C"]
[Black "Baneshi, Kiamehr"]
[Result "1/2-1/2"]
[WhiteElo "1986"]
[BlackElo "1671"]
[PlyCount "56"]
[EventDate "2023.01.??"]
[EventRounds "11"]
[EventCountry "AUS"]
[SourceVersionDate "2023.01.02"]

1. e4 c5 2. Nf3 d6 3. d4 cxd4 4. Nxd4 Nf6 5. Nc3 a6 6. Bg5 e6 7. f4 Be7 8. Qf3 Qc7 9. O-O-O Nbd7 10. g4 b5 11. Bxf6 Nxf6 12. g5 Nd7 13. f5 O-O 14. h4 b4 15. Na4 Nc5 16. Nxc5 dxc5 17. Ne2 exf5 18. Rg1 fxe4 19. Qxe4 Be6 20. Nf4 Bxa2 21. Bd3 g6 22. b3 Bd6 23. Nd5 Qa5 24. h5 Bxb3 25. cxb3 Qa3+ 26. Kd2 Qb2+ 27. Bc2 Be5 28. Rb1 Qd4+ 1/2-1/2

[Event "Perth AUS Open"]
[Site "?"]
[Date "2023.01.04"]
[Round "4.17"]
[White "Li Hui"]
[Black "Wolstencroft, Alan"]
[Result "1-0"]
[WhiteElo "1956"]
[BlackElo "1702"]
[PlyCount "135"]
[EventDate "2023.01.??"]
[EventRounds "11"]
[EventCountry "AUS"]
[SourceVersionDate "2023.01.02"]

1. e4 c5 2. Nf3 d6 3. d4 cxd4 4. Nxd4 Nf6 5. Nc3 a6 6. Be2 e6 7. O-O Be7 8. a4 Nc6 9. Be3 O-O 10. f4 Qc7 11. Kh1 Bd7 12. Nb3 b6 13. Bf3 Bc8 14. e5 Ne8 15. Qe1 Bb7 16. Qg3 d5 17. Bxd5 Nb4 18. Bxb7 Qxb7 19. Qf2 Rb8 20. Rad1 g6 21. Nd4 Ng7 22. Qf3 Qxf3 23. Rxf3 Nf5 24. Nxf5 gxf5 25. Rd7 Rfe8 26. Rf2 Rbd8 27. Rfd2 Rxd7 28. Rxd7 Bc5 29. Bxc5 bxc5 30. Rd2 Kf8 31. Kg1 Ke7 32. Kf2 Rd8 33. Ke3 Nd5+ 34. Nxd5+ exd5 35. b3 Ke6 36. Rd1 a5 37. Kd3 Rd7 38. Re1 Rb7 39. Re3 Rb4 40. Rf3 h5 41. Ke3 Re4+ 42. Kf2 Rd4 43. Kg3 Re4 44. Kh4 d4 45. Kxh5 Re2 46. Rg3 Rxc2 47. Rg8 Ke7 48. Rc8 Kd7 49. Ra8 Ke6 50. Rxa5 d3 51. Ra6+ Kd5 52. Kg5 Ke4 53. Kf6 Kxf4 54. Rd6 Ke4 55. Kxf7 Kxe5 56. Rxd3 Rxg2 57. Rc3 Kd4 58. Rc4+ Ke3 59. Rxc5 f4 60. Re5+ Kf2 61. a5 f3 62. a6 Kg1 63. Re1+ Kxh2 64. Ra1 f2 65. a7 Rg1 66. a8=Q Rxa1 67. Qxa1 Kg2 68. b4 1-0

[Event "Perth AUS Open"]
[Site "?"]
[Date "2023.01.04"]
[Round "4.18"]
[White "Norris, Damian"]
[Black "Hurst, Benjamin"]
[Result "1/2-1/2"]
[WhiteElo "1890"]
[BlackElo "1628"]
[PlyCount "28"]
[EventDate "2023.01.??"]
[EventRounds "11"]
[EventCountry "AUS"]
[SourceVersionDate "2023.01.02"]

1. e4 c5 2. Nf3 e6 3. d4 cxd4 4. Nxd4 a6 5. c4 Nc6 6. Be3 Nf6 7. Nc3 Bb4 8. Bd3 Ne5 9. O-O Qc7 10. Rc1 Neg4 11. Nf3 Nxe3 12. fxe3 Bc5 13. Nd4 Bd6 14. h3 Be5 1/2-1/2

[Event "Perth AUS Open"]
[Site "?"]
[Date "2023.01.04"]
[Round "4.19"]
[White "Can, Ryan"]
[Black "Harris, Eamon"]
[Result "1-0"]
[WhiteElo "1658"]
[BlackElo "1884"]
[PlyCount "93"]
[EventDate "2023.01.??"]
[EventRounds "11"]
[EventCountry "AUS"]
[SourceVersionDate "2023.01.02"]

1. d4 c6 2. c4 d5 3. Nf3 Nf6 4. Qc2 Bg4 5. Ne5 Bh5 6. cxd5 cxd5 7. Qb3 Qc8 8. Nc3 e6 9. Bg5 Nc6 10. e3 Bd6 11. Nd3 O-O 12. Bf4 Na5 13. Qb5 Nc4 14. Bxd6 Nxd6 15. Qb4 Nc4 16. Nf4 Bg4 17. Rc1 a5 18. Qb5 Ra6 19. Bxc4 Qxc4 20. Qxc4 dxc4 21. f3 Bf5 22. e4 Bg6 23. Nb5 Rc6 24. Ke2 a4 25. Rc2 Rd8 26. Ke3 Rcc8 27. Rhc1 Nd5+ 28. exd5 Bxc2 29. Rxc2 exd5 30. Nc3 g5 31. Nfxd5 Re8+ 32. Kf2 Kg7 33. Nxa4 Red8 34. Nab6 Rc6 35. Ke3 f5 36. Kd2 Kf7 37. Kc3 Ke6 38. Re2+ Kd6 39. Nxc4+ Rxc4+ 40. Kxc4 Rc8+ 41. Kd3 Kxd5 42. Re5+ Kd6 43. Rxf5 Rg8 44. a4 g4 45. f4 Ra8 46. b3 Rc8 47. Rg5 1-0

[Event "Perth AUS Open"]
[Site "?"]
[Date "2023.01.04"]
[Round "4.20"]
[White "Young, Micah"]
[Black "Phillips, Max"]
[Result "1-0"]
[WhiteElo "1845"]
[BlackElo "1506"]
[PlyCount "85"]
[EventDate "2023.01.??"]
[EventRounds "11"]
[EventCountry "AUS"]
[SourceVersionDate "2023.01.02"]

1. e4 c6 2. Nf3 d5 3. Nc3 dxe4 4. Nxe4 Nf6 5. Nxf6+ exf6 6. d4 Bg4 7. Be2 Bd6 8. c3 O-O 9. O-O Re8 10. h3 Bh5 11. g4 Bg6 12. Nh4 Nd7 13. Nxg6 hxg6 14. Bd3 Nf8 15. Kg2 Ne6 16. Qf3 Qc7 17. h4 Bf4 18. Be3 g5 19. hxg5 fxg5 20. Rh1 g6 21. Bc4 Kg7 22. Rh3 Rh8 23. Rah1 Qd6 24. Bxe6 fxe6 25. Rxh8 Rxh8 26. Rxh8 Kxh8 27. Bxf4 gxf4 28. g5 Kg7 29. Qe4 Qd8 30. Qxf4 Qd5+ 31. Kg3 Qh1 32. Qc7+ Kg8 33. Qc8+ Kg7 34. Qxb7+ Kg8 35. Qb8+ Kg7 36. Qxa7+ Kg8 37. Qb8+ Kg7 38. Qe5+ Kh7 39. Qc7+ Kg8 40. Qd8+ Kh7 41. Qe7+ Kh8 42. Qf8+ Kh7 43. Qh6+ 1-0